00282nam a2200121 a 4500008004100000020001500041050001600056100002000072245001100092260003800103300001000141350000900151120416s0000 ||||||||||||||||| || u a0450048365 aPR 8403 Van avan Hassen, Amy10aMenace aLondonbNew English Libraryc1981 a192p. a0.00